000 00417nam a2200145Ia 4500
008 240729s9999 xx 000 0 und d
022 _a2521-8492
245 0 _aIraq Medical Journal
260 _aIraq
260 _bNab'a Al-Hayat Foundation for Medical Sciences and Health Care - Press
650 _aMedicine
856 _uhttps://doaj.org/toc/03ddbe5bcaf84a9d94541d29279d0326
942 _2ddc
942 _cDOAJEJ
999 _c68792
_d68792
945 _a1
_bMadushi Gamage
_c1
_dMadushi Gamage